Sports Quiz

Random Sports or Basketball Quiz

Bidless NCAA Division I Basketball teams Quiz Stats

 Plays Quiz not verified by Sporcle

Challenge
Share
Tweet
Embed
Score 0/51 Timer 15:00
0 Plays Today
Mascots Schools % Correct
Black KnightsArmy
80%
SiouxNorth Dakota
70%
LeathernecksWestern Illinois
60%
BullsBuffalo
55%
Coyotes South Dakota
55%
HighlandersNJIT
50%
WildcatsNorthwestern
50%
Tribe William And Mary
50%
PenguinsYoungstown State
50%
PhoenixElon
45%
HattersStetson
45%
SeawolvesStony Brook
45%
KangaroosMissouri-Kansas City
40%
MustangsCal Poly
35%
GentlemenCentenary
35%
Owls Kennesaw
35%
BroncsTexas-Pan American
35%
AnteatersCalifornia-Irvine
30%
Pioneers Denver
30%
Hawks Hartford
30%
PanthersHigh Point
30%
LancersLongwood
30%
TigersSavannah State
30%
BulldogsBryant
30%
HighlandersCalifornia-Riverside
25%
BulldogsCitadel
25%
Mascots Schools % Correct
BisonLipscomb
25%
BearsMaine
25%
WildcatsNew Hampshire
25%
Blue HosePresbyterian
25%
BobcatsQuinnipiac
25%
PioneersSacred Heart
25%
RoadrunnnersCal State Bakersfield
20%
Cougars Chicago State
20%
Hornets Sacramento State
20%
Terriers Saint Francis
20%
SkyhawksTennessee-Martin
20%
AggiesUC Davis
20%
WolverinesUtah Valley
20%
WildcatsBethune-Cookman
15%
Tigers Grambling State
15%
MastodonsIUPU-Fort Wayne
15%
GamecocksJacksonville State
15%
HawksMaryland-Eastern Shore
15%
SpartansUSC Upstate
15%
Bulldogs Gardner-Webb
10%
SpartansNorfolk State
10%
EaglesFlorida Golf Coast
5%
EaglesNorth Carolina Central
5%
Cougars SIU-Edwardsville
5%
BearsNorthern Colorado State
0%

You're not logged in!

Compare scores with friends on all Sporcle quizzes.
Join for Free
OR
Log In

You Might Also Like...

Show Comments

Extras

Top Quizzes Today


Score Distribution

Your Account Isn't Verified!

In order to create a playlist on Sporcle, you need to verify the email address you used during registration. Go to your Sporcle Settings to finish the process.

Report this User

Report this user for behavior that violates our Community Guidelines.

Details: